LEADER 01362nam a2200265 i 4500 001 000000183847 003 CaOOAMICUS 005 20091120000000.0 008 091120s2008 it s u000 u ita u 013 $a161817 040 $aSeMil$bita 245 13$aUn'officina della memoria /$celaborazione multimediale di Elena Musci ; revisione tecnica di Daniele Poggi. 260 $aMilano :$bUnicopli,$c2008. 490 0 $aAnnali di storia pavese. Nuova serie : Fonti e ricerche storiche ;$v2. [Allegato] 500 $aIn Allegato al volume : Un'officina della memoria : percorsi di formazione storica a Pavia tra scuola e universitą : Omaggio a Giulio Guderzo. 650 4$aPavia - Storia locale.$0(OLS)http://semarc/subject/656 650 4$aStoriografia - Metodo.$0(OLS)http://semarc/subject/7763 700 1 $aPoggi, Daniele.$0(OLS)http://semarc/name/67618 700 1 $aMusci, Elena.$0(OLS)http://semarc/name/67617 830 0$aAnnali di storia pavese. Nuova serie : Fonti e ricerche storiche ;$v2. [Allegato].$0(OLS)http://semarc/title/24730 850 $aSeMil 852 $aSeMil$W1$xVenegono$y1$m46 5 22 DVD$j134547$B134547$CSeMilBibl$Z2$F146555 $81 961 $aCambio: Scuola Cattolica 996 $6245$aUn'officina della memoria$9(OLS)http://semarc/title/263867 996 $6260$aMilano :$bUnicopli$9(OLS)http://semarc/publisher/29904 LEADER 01358nam a2200289 i 4500 001 000000108191 003 CaOOAMICUS 005 20190411134546.0 008 120510s1984 xx u000 u und u 013 $a80813 040 $aSeMil$bita 100 1 $aCavedo, Romeo.$0(OLS)http://semarc/name/17804 245 12$aL'apostolo Paolo e le prime comunitą cristiane :$bitinerario alle lettere paoline /$cRomeo Cavedo, Rinaldo Fabris. 260 $aRoma :$bAVE,$c1984. 300 $a74 p. ;$c20 cm. 490 0 $aQuaderni biblici ;$v1 650 4$aBibbia. Nuovo Testamento. Lettere di Paolo - Commentari, studi, critica, interpretazioni.$0(OLS)http://semarc/subject/935 650 4$aChiesa primitiva e delle origini .$0(OLS)http://semarc/subject/1281 650 4$aBibbia - NT - Lettere di Paolo.$0(OLS)http://semarc/subject/4860 700 1 $aFabris, Rinaldo,$c.$0(OLS)http://semarc/name/340 830 0$aQuaderni biblici ;$v1.$0(OLS)http://semarc/title/12209 850 $aSeMil 852 $aSeMil$W1$xVenegono$y1$m2W I 76$j64287$B64287$CSeMilBibl$Z2$F174636 $81 961 $aRecupero: Altro 996 $6245$aL'apostolo Paolo e le prime comunitą cristiane :$bitinerario alle lettere paoline$9(OLS)http://semarc/title/156813 996 $6260$aRoma :$bAVE$9(OLS)http://semarc/publisher/30251